000 00371 a2200133 4500
020 _a069711516X
040 _aDLC
100 1 _aCarr, Jacquelyn B.,
245 1 0 _aCommunicating and relating
_cJacquelyn B. Carr.
250 _a3rd ed.
260 _a[Dubuque, IA] :
_bWm. C. Brown Publishers,
_cc1991.
300 _axii, 379 p. :
_bill. ;
_c24 cm.
942 _cBK
_k651.7 CAR
_2ddc
999 _c8664
_d8664